Southville International School and Colleges
Your cart is empty.
  • Cart
  • Lists
    Public lists Eva Luna New books Lux_list list_1
    Your lists Log in to create your own lists
  • Log in to your account
  • Your cookies
  • Search history
Southville International School and Colleges
  • Advanced search
  • Recent comments
  • Most popular
  • Libraries

Log in to your account

Log in with GOOGLE


If you do not have an external account, but do have a local account, you can still log in:

  1. Home
  2. MARC view: Balloon farm /
Normal view MARC view ISBD view

Balloon farm / (Record no. 103173)

[ view plain ]
MARC details
000 -LEADER
fixed length control field 00554nam a2200193 a 4500
005 - DATE AND TIME OF LATEST TRANSACTION
control field 20140412111252.0
008 - FIXED-LENGTH DATA ELEMENTS--GENERAL INFORMATION
fixed length control field 000818s19uu xx 00 eng d
020 ## - INTERNATIONAL STANDARD BOOK NUMBER
International Standard Book Number 0-590-50121-6
050 ## - LIBRARY OF CONGRESS CALL NUMBER
Classification number TR(PS E
Item number Ba21 1994
100 ## - MAIN ENTRY--PERSONAL NAME
Personal name Nolen, Jerdine
245 ## - TITLE STATEMENT
Title Balloon farm /
Statement of responsibility, etc Jerdine Nolen ; Mark Buehner.
260 ## - PUBLICATION, DISTRIBUTION, ETC. (IMPRINT)
Place of publication, distribution, etc New York :
Name of publisher, distributor, etc Scholastic Inc,
Date of publication, distribution, etc 1994.
300 ## - PHYSICAL DESCRIPTION
Extent 1 v. (unp.) ; ill.
440 ## - SERIES STATEMENT/ADDED ENTRY--TITLE
Title Harvey Potter's
520 ## - SUMMARY, ETC.
Summary, etc "Can a balloon really grow on a plant?"
650 ## - SUBJECT ADDED ENTRY--TOPICAL TERM
Topical term or geographic name as entry element Balloon-Fiction
650 ## - SUBJECT ADDED ENTRY--TOPICAL TERM
Topical term or geographic name as entry element Farm-Fiction
Holdings
Withdrawn status Lost status Damaged status Use restrictions Home library Current library Shelving location Date acquired Source of acquisition Cost, normal purchase price Total Checkouts Full call number Barcode Date last seen Price effective from Koha item type
        Elizalde Library Elizalde Library Teachers Reference Section 08/18/2000   172.00   TR(PS E Ba21 1994 E3956 04/12/2014 04/12/2014 Books

Balloon farm /

APA

Nolen J., . (1994). Balloon farm. New York: Scholastic Inc.

Chicago

Nolen Jerdine, . 1994. Balloon farm. New York: Scholastic Inc.

Harvard

Nolen J., . (1994). Balloon farm. New York: Scholastic Inc.

MLA

Nolen Jerdine, . Balloon farm. New York: Scholastic Inc. 1994.

  • Place hold
  • Print
  • Cite
  • Add to your cart (remove)
  • Save record
    BIBTEX Dublin Core MARCXML MARC (non-Unicode/MARC-8) MARC (Unicode/UTF-8) MARC (Unicode/UTF-8, Standard) MODS (XML) RIS
  • More searches
    Search for this title in:
    Other Libraries (WorldCat) Other Databases (Google Scholar) Online Stores (Bookfinder.com) Open Library (openlibrary.org)

Exporting to Dublin Core...

SOUTHVILLE LIBRARY

Southville International School and Colleges Library

1281 Tropical Ave. Cor. Luxembourg St., BF Homes International, Las Pinas City

Tel. No. 8256374 / 252358 Loc. 117/146

Powered by Koha